000 00909nas a2200289 4500
001 BR0705354
003 BR-BrBNA
005 20231205110945.0
007 ta
008 230509b bl.|||p| |||| 00| 00por d
040 _aBR-BrBNA
_bpor
_cBiblioteca Nacional de Agricultura
041 _a(Pt)
072 _aF03; F01
100 1 _aPrado Neto, M.
100 1 _aDantas, A.C.V.L.
100 1 _aVieira, E.L.
100 1 _aAlmeida, V. de O.
245 1 _aGerminação de sementes de jenipapeiro submetidas à pre-embebição em regulador e estimulante vegetal
650 _aJENIPAPO
650 _aSEMENTE
650 _aGERMINAÇÃO
650 _aÁCIDO GIBERÉLICO
650 _aESTIMULANTE DE CRESCIMENTO VEGETAL
773 0 _tCiência e Agrotecnologia (Brazil)
_xISSN 1413-7054
_g(May-Jun 2007), v. 31(3) p. 693-698
_wBR0705354
909 _a202311
_bLúcia
_c55
_dLúcia Elande
942 _2AGRIS
_n0
_cANA
999 _c189937
_d189937